Quizzes
Events
Quiz Creation
Community
Videos
Private Events
Remove Ads
Sign In
Join for FREE
Feedback
Dark Mode
Quiz Categories
Sports
Geography
Music
Movies
Television
Just For Fun
Miscellaneous
History
Literature
Language
Science
Gaming
Entertainment
Religion
Holiday
For Kids
Quiz Lab
Recent
Popular Today
Quiz Kudos Today
Editor Picks
Curator Picks
Quizzes by...
Day
Popularity
Type
Ratings
Length
Year
Community
Subscriptions
Recent Discussions
Orange Saloon
Badges
Playlists
Quests
Create
Leaderboards
Showdown
Live 5
Trivia Bingo
Activity
Puzzle Library
Sporcle Events
Private Events
Virtual Trivia
Globe League
Become a Host
Pub Owners
SporcleCon
Opinionation
Our Games
Videos
Blog
Mobile Apps
Partnerships
Remove Ads and Go Orange
Feedback
History
US Presidents
World Leaders
Politics
Nation
Discovery
War
Decade
Year
Century
Biography
Art
History
US Presidents
World Leaders
Politics
Nation
Discovery
War
Decade
Year
Century
Biography
Art
Random Quiz
Search Sporcle
×
Quiz Lab
Quiz Lab
History
Famous
Type in answers that appear in a list
Type in answers that appear in a list
Classic
Best Score? Go Orange.
100 Famous American Scots Stats
Can you name the 100 Famous American Scots?
By
Scotsmenrule
10m
100 Questions
115 Plays
115 Plays
115 Plays
Comments
Comments
Give Quiz Kudos
Give Quiz Kudos
-
- Ratings
hide this ad
More Info
Random Order
Randomize order of answers
Randomize order of answers
Replay
Link that replays current quiz
Next Quiz
Link to next quiz in quiz playlist
You Got
0%
They Got
Avg Score
35%
Avg Friend Score
Upgrade to see
Score Distribution
Jump to the score distribution portion of the page
Score
0/100
Timer
10:00
0
Plays Today
Famous Scot
% Correct
One of the Best Confederate Generals
Stonewall Jackson
79.1%
7th President
Andrew Jackson
78.9%
Inventor of the Telephone
Alexander Graham Bell
76.5%
1st President to Resign
Richard Nixon
75.7%
41st President
George H. W. Bush
75.7%
43rd President
George W. Bush
75.7%
42nd President
Bill Clinton
72.2%
Union best Union General
Ulysses S. Grant
70.4%
39th President
Jimmy Carter
69.6%
President During WWI
Woodrow Wilson
68.7%
'Uncle Sam'
Samuel Wilson
68.7%
17th President
Andrew Johnson
67%
First Man on the Moon
Neil Armstrong
67%
Steel Tycoon
Andrew Carnegie
66.1%
5th President
James Monroe
64.3%
25th President
William McKinley
64.3%
1st Black President
Barack Obama
64.3%
26th President
Theodore Roosevelt
63.5%
The 'Great Communicator'
Ronald Reagan
63.5%
Inventor of the Lightbulb
Thomas Edison
62.6%
22nd & 24th President
Grover Cleveland
60%
27th President
William Howard Taft
60%
23rd President
Benjamin Harrison
56.5%
33rd President
Harry S. Truman
56.5%
Author of 'Moby Dick'
Herman Melville
55.7%
15th President
James Buchanan
52.2%
Host of 'The Tonight Show'
Jay Leno
51.5%
Frontiersman & Indian Fighter
Kit Carson
51.3%
Author of 'Silent Spring'
Rachael Carson
50.4%
Television Host
Johnny Carson
50.4%
11th President
James Knox Polk
49.6%
Astronaut with Neil Armstrong
Buzz Aldrin
49.6%
President of the Dixieland
Jefferson Davis
47.8%
Lawmen at the O.K. Corral
Virgil, Morgan, & Wyatt Earp
47.8%
Famous Scot
% Correct
President of Texas
Sam Houston
47%
21st President
Chester A. Arthur
46.1%
Actress with the 'Violet Eyes'
Elizabeth Taylor
46.1%
29th President
Warren G. Harding
45.2%
'Old Blood and Guts'
George S. Patton
45.2%
Presidential Nominee (2008)
John McCain
45.2%
Actor in 'It's a Wonderful Life'
Jimmy Stewart
44.3%
Movie Star & Actor in 'The Ten Commandments'
Charlton Heston
42.6%
'Dugout Doug'
Douglas MacArthur
40.9%
First Dancer in the White House
Martha Graham
40.9%
Christian Evangelist
Billy Graham
40.9%
Computer Business Magnate
Bill Gates
40%
First American Naval Hero
John Paul Jones
39.1%
Macabre Poet
Edgar Allan Poe
39.1%
'King of the Wild Frontier'
Davy Crockett
39.1%
Rugged, Masculine Movie Star
John Wayne
35.7%
Speaker of the House & Presidential Candidate (2012)
Newt Gingrich
33%
Author of 'Huckleberry Finn'
Mark Twain
33%
Distiller
Jack Daniel
32.2%
Assistant to Alexander Graham Bell
Tom A. Watson
32.2%
First CEO of IBM
Thomas J. Watson
32.2%
Aircraft Industrialist
Donald Wills Douglas, Sr.
29.6%
Pro Golfer nick named 'The King'
Arnold Palmer
28.7%
Black Supremacist
Malcolm X
28.7%
Abstract Expressionist
Jackson Pollock
27.8%
Author of 'The Legend of Sleepy Hollow'
Washington Irving
25.2%
Secretary of State (1953-
1959)
John Foster Dulles
23.5%
Singer & Actor
Elvis Presley
22.6%
American Patriot
Patrick Henry
21.7%
Actress in 'The Apartment'
Shirley MacLaine
21.7%
Cavalry Commander of the Army of Northern Virginia
J.E.B. Stuart
20%
1940s Era Singer-
songwriter & Musician
Hank Williams
20%
Civil-
rights Activist
Rosa Parks
20%
Painted George Washington
Gilbert Stuart
19.1%
Famous Scot
% Correct
Actress & Comedian on the 'I Love Lucy' Show
Lucille Ball
19.1%
Founded the Buick Motor Company
David Dunbar Buick
17.4%
WWII General Nicknamed the 'Organizer of Victory'
George Marshall
16.5%
One of the 'Tennessee Three'
Johnny Cash
15.7%
Founder of the International Harvester Company
Cyrus McCormick
15.7%
Economist who authored 'The Affluent Society'
John Kenneth Galbraith
14.8%
Father of American Music
Stephen Collins Foster
13%
Union General
George B. McClellan
11.3%
Presidential Candidate (1860)
John C. Breckinridge
10.4%
Adventurer & President of Nicaragua
William Walker
10.4%
Railroad Robber Baron
Jay Gould
7.8%
Defeated at the First Battle of Bull Run
Irvin McDowell
7.8%
Actor
James Dean
7%
Vice President
John C. Calhoun
6.1%
Actor & Musician
Jack Lemmon
6.1%
President of Princeton University
John Witherspoon
5.2%
Physicist who measured the charge of an electron
Robert Andrews Millikan
5.2%
Confederate Army General
Joseph E. Johnston
5.2%
Publisher
Malcolm Forbes
4.3%
Singer-
songwriter
Dolly Parton
4.3%
Actress in 'The Killers' (1946)
Ava Gardner
4.3%
Librarian of Congress & Modernist Poet
Archibald MacLeish
3.5%
Physicist Credited with First Producing a Transuranium element
Edwin McMillan
3.5%
Songwriter & Member of 'The Strangers' Band
Merle Haggard
3.5%
Actor
James Coburn
3.5%
Actor
Robert Mitchum
3.5%
Confederate General
John Brown Gordon
3.5%
Chemist & Physicist
Irving Langmuir
2.6%
Aviation Pioneer
James Smith McDonnell
2.6%
President under the Articles of Confederation
Arthur Saint Clair
1.7%
Union General
James B. McPherson
1.7%
Automobile Designer
Alexander Winton
1.7%
Quiz Playlist
Details
Report
Send in Message
Add To Playlist
More Info:
Note: These persons are not necessarily more famous than others and suggestions are much appreciated.
Classic:
Type in answers that appear in a list
Random Order:
Randomize order of answers
Quiz Source
Last Updated: Feb 16, 2017
Quiz Scoreboard
CHALLENGE
Sign Up to Join the Scoreboard
Show All
Scores
Hide
Comments
May contain spoilers
Recently Published
An Introduction to Baseball
by treessimontrees
Sports
5m
Movies - When Are They Set?
by FPL_Elf
Movies
5m
Popular People in 1961
by mucciniale
History
6m
More to Explore
Quiz From the Vault
Featured Blog Post
Where Did the Easter Bunny Come From?
hide this ad
You Might Also Like...
Tags
Famous Quiz
100
100 Famous
America
scot
Today's Top Quizzes in History
Browse History
hide this ad
Today's Top Quizzes in Famous
Browse Famous
Top Contributed Quizzes in History
1
Popular People in 1991
2
Popular People in 1981
3
Popular People in 1951
4
Popular People in 1941
5
Popular People in 1986
6
Popular People in 1976
7
Popular People in 1921
8
I Am Born On March 28th
9
Popular People in 1946
10
Popular People in 1936
Explore More
Trending Topics
NBA
Marvel
Crossword
Anime
Harry Potter
Disney
Kpop
Song
Pokémon
The Office
Country
NFL
Soccer
WWE
Puzzle
hide this ad
More By:
Scotsmenrule
Quiz
Plays
Rating
Category
Featured
Created
Israel at War with Who?
4,221
3.75
History
May 13, 2013
The Birth of Israel: U.N. Members that voted 'Yes'
3,916
4.70
History
Apr 20, 2013
Fascist Regimes
1,464
2.50
History
May 12, 2013
We Shall Fight Them On the Beaches
1,369
4.64
History
Jun 20, 2013
The U.S. Constitution: The Supremacy Clause
830
4.56
History
Apr 1, 2013
Go to Creator's Profile
Score Distribution
Quiz Creator Spotlight
Scotsmenrule
Follow
Send a Message
Quizzes Created
-
Created Quiz Play Count
-
More By This Creator
Popular Quizzes Today
1
Find the Countries of Europe - No Outlines Minefield
2
Find the US States - No Outlines Minefield
3
The Countries of the World
4
Popular People in 1961
5
Find the US States
6
US States
7
1-10 Letter E Words III
8
Risky Map Clicking: Biggest States A-Z
More History Quizzes
Hidden History Word Ladder II
Editor's Pick
Trending Quizzes
Risky Map Clicking: Least Populous States A-Z
1-10 Letter F Words
1-10 Letter G Words
Not Quite an Element Typing Challenge
One Thing in Common: United Kingdom
Recently Updated
Leaping Animals
pecheneg
Reality TV Shows (A-Z)
bhenderson79
Rickey Henderson's Hall of Fame Teammates
pecheneg
Champions League XIs: Arsenal
pecheneg
Quick Pick: Celebrities in WWE's Hall of Fame
aduchscher
A-Z Keypad Blitz II
pecheneg
Multiple Oscar Actors
pecheneg
Mystery Phrase Blitz: Oscar 'Best Actors'
pecheneg
F. Scott Fitzgerald Novels
LTH
Pick 3 Villains
ddd62291
Trending Topics
Marvel
Anime
NBA
Kpop
Harry Potter
Crossword
Disney
Song
Puzzle
Soccer
The Office
Country
NFL
WWE
Pokémon
Your Account Isn't Verified!
In order to create a playlist on Sporcle, you need to verify the email address you used during registration. Go to your
Sporcle Settings
to finish the process.
Report this User
Report this user for behavior that violates our
Community Guidelines
.
Details:
Send Report
Go to the Sporcle.com Mobile Site →
Comments